| 000 | 01072nam a2200301 i 4500 | ||
|---|---|---|---|
| 005 | 20220317000250.0 | ||
| 008 | 141031s2010 sp a 0 gpa d s spa d | ||
| 020 | _a9788496957787 | ||
| 040 |
_aCO-BoRNBP _erda _bspa _cCO-BoRNBP |
||
| 082 | 0 | 4 |
_a590 _bG87c _223 |
| 100 | 1 |
_aGutiérrez, Xulio _eautor |
|
| 245 | 1 | 0 |
_aConstructores _cXulio Gutiérrez ; ilustraciones Nicolás Fernández ; traducción Chema Heras |
| 250 | _aPrimera edición | ||
| 264 | 1 |
_aSevilla _bFaktoría K de Libros _c2010 |
|
| 300 |
_a31 páginas _bilustraciones a color _c35 cm |
||
| 336 |
_atexto _btxt _2rdacontent |
||
| 337 |
_asin mediación _bn _2rdamedia |
||
| 338 |
_avolumen _bnc _2rdacarrier |
||
| 490 | _aAnimales extraordinarios | ||
| 500 | _aIncluye glosario | ||
| 586 | _aPremio Ánxel Gasal Mellor Libro Non Ficción 2010 | ||
| 650 | 1 | 7 |
_aAnimales _xHábitos y conducta _2ARMARC |
| 650 | 1 | 7 |
_aVivienda de animales _2ARMARC |
| 650 | 1 | 7 |
_aAlojamiento animal _2ARMARC |
| 700 | 1 |
_aFernández, Nicolás _eilustrador _9138843 |
|
| 700 | 1 |
_aChema, Heras _etraductor _9138844 |
|
| 942 |
_2ddc _cBK |
||
| 999 |
_c3561 _d3561 |
||